000 00432nam a2200157 i 4500
001 bg
100 1 _aLINDNER, Jan
245 0 _aOchrona przeciwpożarowa budynków wysokich /
_cJan Lindner, Jerzy Pogorzelski, Włodzimierz Struś.
260 _aWarszawa,
_c1978.
700 1 _aPOGORZELSKI, Jerzy
700 1 _aSTRUŚ, Włodzimierz
040 _cBPK
041 _apol
942 _cKS
008 s pl f |000 0 pol
999 _c18033
_d18033
856 _uhttp://koha.tu.koszalin.pl/cgi-bin/koha/opac-detail.pl?biblionumber=18033
_yKatalog online BPK